000 00809nas a2200253 4500
001 BR0803839
003 BR-BrBNA
005 20231205112331.0
007 ta
008 230509b bl.|||p| |||| 00| 00por d
040 _aBR-BrBNA
_bpor
_cBiblioteca Nacional de Agricultura
041 _a(Pt)
072 _aF30
100 1 _aOliveira, M. do S.P. de
100 1 _aFerreira, D.F.
100 1 _aSantos, J.B. dos
245 1 _aDivergência genética entre acessos de açaizeiro fundamentada em descritores morfoagronômicos
650 _aAÇAI
650 _aPARÂMETRO GENÉTICO
650 _aMÉTODO ESTATÍSTICO
773 0 _tPesquisa Agropecuária Brasileira (Brazil)
_xISSN 0100-204X
_g(Apr 2007), v. 42(4) p. 501-506
_wBR0803839
909 _a202311
_bLúcia
_c55
_dLúcia Elande
942 _2AGRIS
_n0
_cANA
999 _c197494
_d197494